AT WIT S END (Record no. 22869)
[ view plain ]
| 000 -LEADER | |
|---|---|
| fixed length control field | 00277nam a2200133Ia 4500 |
| 008 - FIXED-LENGTH DATA ELEMENTS--GENERAL INFORMATION | |
| fixed length control field | 240624s9999 xx 000 0 und d |
| 041 ## - LANGUAGE CODE | |
| Language code of text/sound track or separate title | eng |
| 082 ## - DEWEY DECIMAL CLASSIFICATION NUMBER | |
| Classification number | 823 BOM |
| 100 ## - MAIN ENTRY--PERSONAL NAME | |
| Personal name | BOMBECK ERMA |
| 245 ## - TITLE STATEMENT | |
| Title | AT WIT S END |
| 260 ## - PUBLICATION, DISTRIBUTION, ETC. | |
| Date of publication, distribution, etc. | 1986 |
| 300 ## - PHYSICAL DESCRIPTION | |
| Extent | 224 : p. |
| 365 ## - TRADE PRICE | |
| Currency code | |
| Price amount | 26 |
| Withdrawn status | Lost status | Damaged status | Not for loan | Home library | Current library | Shelving location | Date acquired | Source of acquisition | Cost, normal purchase price | Total Checkouts | Full call number | Barcode | Date last seen | Date last checked out | Copy number | Price effective from | Koha item type |
|---|---|---|---|---|---|---|---|---|---|---|---|---|---|---|---|---|---|
| IMTN | IMTN | Rack 39-A | 07/25/2014 | VBC | 3.95 | 4 | 823 BOM | 22869 | 01/30/2025 | 01/20/2025 | 63 | 06/24/2024 | Books |